| 000 | 00572nam a2200229Ia 4500 | ||
|---|---|---|---|
| 003 | OSt | ||
| 005 | 20220918202230.0 | ||
| 006 | a|||||r|||| 00| 0 | ||
| 007 | ta | ||
| 008 | 220917b |||||||| |||| 00| 0 eng d | ||
| 024 | _a99,703 | ||
| 037 | _cTextual | ||
| 040 |
_aARTS _cARTS _beng |
||
| 041 |
_2eng _aeng |
||
| 082 | _aV2:71:B, L2 | ||
| 100 |
_aOjha Ram Prakash _9102863 |
||
| 245 | 0 | _aBronze and copper age | |
| 260 |
_aNA _bNA _c1972 |
||
| 650 | _aHISTORY | ||
| 942 |
_hV2:71:B, L2 _cTEXL _2CC |
||
| 999 |
_c223276 _d223276 |
||